| 000 | 00875cam a22002535a 4500 | ||
|---|---|---|---|
| 001 | 016385446 | ||
| 003 | OSt | ||
| 005 | 20160322112839.0 | ||
| 008 | 130428s2014 enk frb 001 0 eng d | ||
| 020 | _a9781408221617 (pbk.) | ||
| 040 |
_aStDuBDS _beng _cStDuBDS _dUkOxU _dUk _dEG-ScBUE |
||
| 082 | 0 | 4 |
_a343.41099 _222 _bMED |
| 245 | 0 | 0 |
_aMedia law : _btext, cases and materials / _cEric Barendt ... [et al.] |
| 260 |
_aHarlow : _bPearson Education Limited, _c2014. |
||
| 300 |
_axlvii, 699 p. ; _c24 cm. |
||
| 490 | 0 | _aLongman law series | |
| 500 | _aIndex : p. 687-699. | ||
| 504 | _aIncludes bibliographical references. | ||
| 650 | 0 |
_aMass media _xLaw and legislation _zGreat Britain _vTextbooks. _2BUEsh |
|
| 650 | 0 |
_aMass media _xLaw and legislation _zEuropean Union countries _vTextbooks. _2BUEsh |
|
| 653 |
_bCOMAME _cMarch2016 |
||
| 700 | 1 | _aBarendt, E. M. | |
| 942 | _2ddc | ||
| 999 |
_c21475 _d21447 |
||